000 01996cam a22003495a 4500
008 #DATE c2004 xxk 000 0 eng u
020 _a1842191543
035 _a(Sirsi) u122699
041 0 _aeng
050 0 4 _a333.33 $2 18
110 2 _aRoyal Institution of Chartered Surveyors
_94900
245 0 0 _aRICS manual of estate agency law and practice
_c[old edition]
250 _a2nd ed.
260 _aLondon
_bRICS
_c2004-
300 _a1
_fv. (loose-leaf)
_c32cm.
350 _a150
490 _aRICS Guidance Note
490 _aRICS Blue Book
490 _aRICS Practice Statement
505 2 _aStatus and application -- Part A: Residential estate agency practice statement -- Part B: the legal background -- Part C: Estates Agents Act 1979 -- Part D: Property Misdescriptions Act 1991 -- Part E: other legislation -- Part F: futher practice material -- Part G: auctions -- Part H: other useful information
520 _aAims to provide guidance to RICS members on relevant law and good practice in estate agency in all markets - commercial, residential and rural. Part A is mandatory for all members practising in the estate agency sector. Parts B, C, D, E, F and G are guidance notes containing advice on aspects of members' practice. The manual provides a summary only of the relevant legislation and is expressed in terms of England and Wales. Reflects law and practice from April 2004. Appendices including the Ombudsman for Estate Agents new code of practice.
520 _aSupersedes 1998 edition (ISBN 085406866X).
520 _aSuperseded by Blue Book: Residential Estate Agency Standards (ISBN 9781842194980).
650 2 4 _aESTATE AGENTS ACT 1979
650 2 4 _aRICS MANUAL OF ESTATE AGENCY LAW AND PRACTICE
650 2 4 _aOMBUDSMAN FOR ESTATE AGENTS SCHEME
650 2 4 _aPROPERTY MISDESCRIPTIONS ACT 1991
650 2 4 _aRICS RESIDENTIAL ESTATE AGENCY PRACTICE STATEMENT
651 4 _aUnited Kingdom
690 _aPROPERTY-PROPERTY AGENCY
942 _n0
_2ddc
999 _c102912
_d102912